[Event "DEM U12/U12w 2000"]
[Site "Überlingen GER"]
[Date "2000.06.07"]
[Round "7"]
[White "Lutz, Dieter"]
[Black "Braun, Arik"]
[Result "1/2-1/2"]
[Termination "normal"]
[Board "1"]
[WhiteElo "2185"]
[BlackElo "2139"]
[PlyCount "66"]
[WhiteFideId "4667565"]
[BlackFideId "4663527"]
[EventCountry "GER"]
[EventRounds "11"]
[EventType "swiss"]
[EventDate "2000.06.03"]

1. e4 c6 2. d4 d5 3. Nd2 dxe4 4. Nxe4 Bf5 5. Ng3 Bg6 6. Nf3 Nd7 7. Be2 e6 8.
O-O Ngf6 9. Re1 Bd6 10. c4 O-O 11. Bd2 Qc7 12. Bc3 Rfd8 13. Bd3 c5 14. Bxg6
hxg6 15. b3 a6 16. Qe2 cxd4 17. Bxd4 Bc5 18. Bxc5 Nxc5 19. Rad1 Rxd1 20. Rxd1
Rd8 21. Rxd8+ Qxd8 22. Qd2 Qxd2 23. Nxd2 Kf8 24. Kf1 Nd3 25. Nge4 Ke7 26. Nc3
Kd6 27. Ke2 Nc1+ 28. Ke1 Nd3+ 29. Ke2 Nc1+ 30. Kd1 Nd3 31. Ke2 Nc1+ 32. Kd1 Nd3
33. Ke2 Nc1+ 1/2-1/2

[Event "DEM U12/U12w 2000"]
[Site "Überlingen GER"]
[Date "2000.06.07"]
[Round "7"]
[White "Figura, Atila"]
[Black "Rehberg, Raphael"]
[Result "1/2-1/2"]
[Termination "normal"]
[Board "2"]
[WhiteElo "1789"]
[BlackElo "1483"]
[PlyCount "83"]
[WhiteFideId "4688058"]
[BlackFideId "4686799"]
[EventCountry "GER"]
[EventRounds "11"]
[EventType "swiss"]
[EventDate "2000.06.03"]

1. d4 d5 2. Nf3 c5 3. e3 e6 4. c3 Nf6 5. Nbd2 Nc6 6. Bd3 Be7 7. O-O O-O 8. Ne5
Nxe5 9. dxe5 Nd7 10. f4 f5 11. exf6 Nxf6 12. Nf3 c4 13. Bc2 Bc5 14. Ne5 Bd7 15.
Qf3 Bd6 16. Qh3 Bxe5 17. fxe5 Ne4 18. Bxe4 Rxf1+ 19. Kxf1 dxe4 20. Bd2 Qg5 21.
Qg3 Qxg3 22. hxg3 Rf8+ 23. Kg1 Rf5 24. Be1 Rxe5 25. Rd1 Rd5 26. Rxd5 exd5 27.
Kf2 Kf7 28. Bd2 Kf6 29. Bc1 b5 30. Bd2 Ke5 31. Ke1 a5 32. a3 Bg4 33. Bc1 b4 34.
axb4 axb4 35. Bd2 g6 36. Kf2 bxc3 37. Bxc3+ Kd6 38. Bd4 Kc6 39. Be5 Kb5 40. Bd4
Kb4 41. Bc3+ Kb3 42. Bd4 1/2-1/2

[Event "DEM U12/U12w 2000"]
[Site "Überlingen GER"]
[Date "2000.06.07"]
[Round "7"]
[White "Armbrust, Florian"]
[Black "Fervers, Lukas"]
[Result "1-0"]
[Termination "normal"]
[Board "3"]
[WhiteElo "1747"]
[BlackElo "1359"]
[PlyCount "61"]
[WhiteFideId "4691350"]
[EventCountry "GER"]
[EventRounds "11"]
[EventType "swiss"]
[EventDate "2000.06.03"]

1. e4 c5 2. Nf3 d6 3. c3 Nf6 4. Be2 g6 5. O-O Bg7 6. Bb5+ Bd7 7. Qe2 Bxb5 8.
Qxb5+ Qd7 9. Qe2 e5 10. d4 cxd4 11. cxd4 Nc6 12. Rd1 Nxd4 13. Nxd4 exd4 14.
Rxd4 O-O 15. Nc3 a6 16. Rd3 Ng4 17. Bf4 Be5 18. Bxe5 Nxe5 19. Rd5 Rfd8 20. f4
Nc6 21. e5 Qe7 22. exd6 Qxe2 23. Nxe2 Ne7 24. Rd3 Nf5 25. Rad1 Rd7 26. Nc3 Rad8
27. Ne4 Kg7 28. g4 Nxd6 29. Rxd6 Rxd6 30. Rxd6 Rxd6 31. Nxd6 1-0

[Event "DEM U12/U12w 2000"]
[Site "Überlingen GER"]
[Date "2000.06.07"]
[Round "7"]
[White "Boss, Igor"]
[Black "Dück, Stefan"]
[Result "1/2-1/2"]
[Termination "normal"]
[Board "4"]
[WhiteElo "1540"]
[BlackElo "1740"]
[PlyCount "63"]
[BlackFideId "4681355"]
[EventCountry "GER"]
[EventRounds "11"]
[EventType "swiss"]
[EventDate "2000.06.03"]

1. d4 Nf6 2. c4 g6 3. Nc3 Bg7 4. e4 d6 5. Nf3 O-O 6. Be2 Bg4 7. O-O Nfd7 8. h3
Bxf3 9. Bxf3 Nc6 10. Be3 e5 11. d5 Ne7 12. Bg5 f6 13. Bh4 a6 14. Bg4 Qe8 15.
Qc2 Kh8 16. a3 h5 17. Be2 f5 18. Bxe7 Qxe7 19. exf5 Rxf5 20. Bd3 Rff8 21. Bxg6
Qg5 22. Bd3 Bh6 23. Ne4 Qg7 24. Kh1 h4 25. Qe2 Rg8 26. Rg1 Nf8 27. Nc3 Ng6 28.
Qg4 Nf4 29. Qxg7+ Rxg7 30. Be4 Rf8 31. Rae1 Nh5 32. Re2 1/2-1/2

[Event "DEM U12/U12w 2000"]
[Site "Überlingen GER"]
[Date "2000.06.07"]
[Round "7"]
[White "Frübing, Stefan"]
[Black "Siebarth, Raiko"]
[Result "1/2-1/2"]
[Termination "normal"]
[Board "5"]
[WhiteElo "1724"]
[BlackElo "1488"]
[PlyCount "72"]
[WhiteFideId "4682165"]
[BlackFideId "4674766"]
[EventCountry "GER"]
[EventRounds "11"]
[EventType "swiss"]
[EventDate "2000.06.03"]

1. e4 c5 2. Nc3 d6 3. g3 Nc6 4. Bg2 g6 5. d3 Bg7 6. Be3 e6 7. Nge2 Nge7 8. Qd2
Nd4 9. O-O O-O 10. Nd1 Nec6 11. c3 Nxe2+ 12. Qxe2 Rb8 13. f4 Qc7 14. Nf2 b5 15.
Rfe1 b4 16. Qc2 bxc3 17. bxc3 Qa5 18. Bd2 Ba6 19. Rab1 Rxb1 20. Rxb1 Rb8 21.
Rxb8+ Nxb8 22. c4 Qb6 23. Qb3 Nd7 24. Nd1 f5 25. Nc3 Bd4+ 26. Kf1 fxe4 27. Bxe4
Nf6 28. Ne2 Nxe4 29. dxe4 Bf6 30. Bc3 Be7 31. Ke1 Bb7 32. e5 d5 33. Qxb6 axb6
34. cxd5 Bxd5 35. a3 b5 36. Kd2 Bd8 1/2-1/2

[Event "DEM U12/U12w 2000"]
[Site "Überlingen GER"]
[Date "2000.06.07"]
[Round "7"]
[White "Wenger, Carsten"]
[Black "Mijatovic, Vladimir"]
[Result "1-0"]
[Termination "normal"]
[Board "6"]
[WhiteElo "1567"]
[BlackElo "1389"]
[PlyCount "67"]
[BlackFideId "934062"]
[EventCountry "GER"]
[EventRounds "11"]
[EventType "swiss"]
[EventDate "2000.06.03"]

1. e4 c5 2. Nf3 d6 3. d4 cxd4 4. Nxd4 Nf6 5. Nc3 a6 6. Bc4 e6 7. Bg5 Be7 8. f4
Qc7 9. Bb3 Nc6 10. Qd3 b5 11. Rd1 Bb7 12. a3 Rd8 13. O-O Qb6 14. Kh1 h6 15. Bh4
Qc7 16. Qg3 g6 17. Nxe6 fxe6 18. Qxg6+ Kd7 19. Bxf6 Bxf6 20. Qf7+ Kc8 21. Bxe6+
Kb8 22. Qxf6 Rdf8 23. Qh4 Re8 24. Bd5 Ne7 25. Bxb7 Kxb7 26. f5 Reg8 27. Qf6 Nc8
28. Rd2 Rh7 29. Nd5 Qc4 30. Re1 h5 31. Qe6 Rhg7 32. Nf4 Qc7 33. Qd5+ Kb8 34.
Ne6 1-0

[Event "DEM U12/U12w 2000"]
[Site "Überlingen GER"]
[Date "2000.06.07"]
[Round "7"]
[White "Köhn, Kai-Uwe"]
[Black "Lieder, Konrad"]
[Result "0-1"]
[Termination "normal"]
[Board "7"]
[WhiteElo "1389"]
[BlackElo "1323"]
[PlyCount "86"]
[BlackFideId "4692721"]
[EventCountry "GER"]
[EventRounds "11"]
[EventType "swiss"]
[EventDate "2000.06.03"]

1. d4 d5 2. c4 e6 3. Nc3 Nf6 4. Bg5 Be7 5. e3 O-O 6. Bd3 c6 7. Nf3 Nbd7 8. O-O
h6 9. Bh4 Re8 10. Qe2 Qc7 11. Bg3 Bd6 12. cxd5 exd5 13. Rac1 Bxg3 14. hxg3 Qd6
15. a3 Ne4 16. Nd2 Ndf6 17. Ndxe4 dxe4 18. Bc4 Bg4 19. Qd2 Rad8 20. b4 a6 21.
Qa2 Re7 22. Be2 Bxe2 23. Qxe2 Qe6 24. Rc2 Ng4 25. Nd1 Qg6 26. f3 exf3 27. gxf3
Nxe3 28. Nxe3 Rxe3 29. Qxe3 Qxc2 30. Rf2 Qd1+ 31. Kg2 Qxd4 32. Qe2 Qd7 33. Qe5
Qd3 34. Qe7 Qd7 35. Qe5 Re8 36. Qc3 Qe6 37. Qd4 Qe3 38. Qd7 Re7 39. Qd8+ Kh7
40. Rd2 Re6 41. Qd7 Rf6 42. f4 Rg6 43. Rd3 Rxg3+ 0-1

[Event "DEM U12/U12w 2000"]
[Site "Überlingen GER"]
[Date "2000.06.07"]
[Round "7"]
[White "Christiansen, Claes"]
[Black "Behm, Simon"]
[Result "0-1"]
[Termination "normal"]
[Board "8"]
[WhiteElo "1248"]
[BlackElo "1712"]
[PlyCount "60"]
[BlackFideId "4691962"]
[EventCountry "GER"]
[EventRounds "11"]
[EventType "swiss"]
[EventDate "2000.06.03"]

1. e4 c6 2. d4 d5 3. Nc3 dxe4 4. Nxe4 Bf5 5. Ng3 Bg6 6. Nf3 Nd7 7. h4 h6 8. h5
Bh7 9. Bd3 Bxd3 10. Qxd3 e6 11. O-O Bd6 12. b3 Ngf6 13. Bb2 Bxg3 14. fxg3 Nxh5
15. Kh2 O-O 16. Rae1 Qc7 17. Ne5 Rad8 18. Qc3 Nhf6 19. Qe3 Nxe5 20. Kh1 Neg4
21. Qd2 Qxg3 22. Qf4 Qxf4 23. Rxf4 Rd5 24. Ref1 Rfd8 25. c4 R5d6 26. d5 cxd5
27. cxd5 Rxd5 28. Bxf6 Nxf6 29. g4 Rd1 30. Rxd1 Rxd1+ 0-1

[Event "DEM U12/U12w 2000"]
[Site "Überlingen GER"]
[Date "2000.06.07"]
[Round "7"]
[White "Abel, Dennes"]
[Black "Brener, Ilja"]
[Result "1/2-1/2"]
[Termination "normal"]
[Board "9"]
[WhiteElo "1348"]
[BlackElo "1701"]
[PlyCount "55"]
[WhiteFideId "24605417"]
[BlackFideId "4688201"]
[EventCountry "GER"]
[EventRounds "11"]
[EventType "swiss"]
[EventDate "2000.06.03"]

1. d4 Nf6 2. c4 c5 3. e3 e6 4. Nf3 b6 5. Bd3 Bb7 6. O-O d6 7. Nbd2 cxd4 8. exd4
Be7 9. Nb3 Nbd7 10. Bg5 Rc8 11. Rc1 O-O 12. Re1 Re8 13. Bb1 Qc7 14. Qd3 Nf8 15.
Re3 Red8 16. Bxf6 Bxf6 17. Nfd2 Ng6 18. Qe2 a5 19. Qg4 a4 20. Na1 b5 21. b3
axb3 22. Naxb3 b4 23. Rh3 Nf8 24. Bxh7+ Nxh7 25. Qh5 Qc6 26. Qxh7+ Kf8 27. Nf3
Ra8 28. Qc2 1/2-1/2

[Event "DEM U12/U12w 2000"]
[Site "Überlingen GER"]
[Date "2000.06.07"]
[Round "7"]
[White "Horstmann, Sven"]
[Black "Bäumler, Ilja"]
[Result "1-0"]
[Termination "normal"]
[Board "10"]
[WhiteElo "1252"]
[BlackElo "1687"]
[PlyCount "105"]
[BlackFideId "4681070"]
[EventCountry "GER"]
[EventRounds "11"]
[EventType "swiss"]
[EventDate "2000.06.03"]

1. Nf3 Nf6 2. d4 g6 3. c4 Bg7 4. Nc3 O-O 5. e4 d6 6. Be2 Nbd7 7. O-O e5 8. d5
h6 9. b4 Qe7 10. a4 Ne8 11. Ne1 f5 12. Rb1 Ndf6 13. Qc2 fxe4 14. Nxe4 Nxe4 15.
Bd3 N4f6 16. Bxg6 c6 17. dxc6 bxc6 18. Nf3 Bg4 19. Nh4 d5 20. cxd5 cxd5 21. b5
Rc8 22. Qb3 Nd6 23. Ba3 Rfd8 24. Bf5 Bxf5 25. Nxf5 Qe6 26. Nxd6 Rxd6 27. Bxd6
Qxd6 28. Rbc1 Rf8 29. Rc6 Qd7 30. Rfc1 Ng4 31. Rc7 Qd8 32. Qg3 Qg5 33. h4 Qf4
34. Qxf4 Rxf4 35. f3 Nf6 36. Rxa7 Rb4 37. Rc8+ Bf8 38. g4 Rc4 39. Rd8 e4 40. g5
hxg5 41. hxg5 Nh5 42. Raa8 e3 43. Rxf8+ Kh7 44. Rfe8 Rc1+ 45. Kh2 d4 46. Rad8
Rc2+ 47. Kh3 Rd2 48. Kg4 Kg6 49. Rg8+ Ng7 50. Rd7 Rg2+ 51. Kf4 Kh5 52. Rgxg7
Rg4+ 53. fxg4+ 1-0

[Event "DEM U12/U12w 2000"]
[Site "Überlingen GER"]
[Date "2000.06.07"]
[Round "7"]
[White "Colloseus, Christian"]
[Black "Blome, Thomas"]
[Result "1/2-1/2"]
[Termination "normal"]
[Board "11"]
[WhiteElo "1231"]
[BlackElo "1465"]
[PlyCount "72"]
[EventCountry "GER"]
[EventRounds "11"]
[EventType "swiss"]
[EventDate "2000.06.03"]

1. e4 c5 2. Nf3 Nc6 3. Bc4 d6 4. h3 Nf6 5. d3 g6 6. Be3 Bg7 7. Qc1 O-O 8. c3
Qc7 9. Bh6 Na5 10. Bxg7 Kxg7 11. Nbd2 Nxc4 12. Nxc4 b5 13. Ne3 Bd7 14. Qc2 Rfc8
15. Nd2 a5 16. O-O Qb6 17. Kh1 a4 18. a3 Rab8 19. Rae1 b4 20. Ndc4 Qb7 21. f4
bxa3 22. bxa3 Qc7 23. f5 e5 24. fxg6 fxg6 25. Rxf6 Rf8 26. Rxd6 Bb5 27. Rd5
Rbe8 28. Rb1 Bxc4 29. Nxc4 Re7 30. Rb5 Rf1+ 31. Kh2 Qc8 32. Rbxc5 Qf8 33. Qd2
Rb7 34. Rb5 Rbf7 35. Nxe5 R7f2 36. Qg5 Rxg2+ 1/2-1/2

[Event "DEM U12/U12w 2000"]
[Site "Überlingen GER"]
[Date "2000.06.07"]
[Round "7"]
[White "Nolting, Christoph"]
[Black "Ollenberger, Roland"]
[Result "1/2-1/2"]
[Termination "normal"]
[Board "14"]
[WhiteElo "1251"]
[BlackElo "1457"]
[PlyCount "60"]
[BlackFideId "24608440"]
[EventCountry "GER"]
[EventRounds "11"]
[EventType "swiss"]
[EventDate "2000.06.03"]

1. Nf3 e6 2. d4 d5 3. Bf4 c5 4. e3 Nc6 5. Bb5 Bd7 6. O-O Nge7 7. Nbd2 Nf5 8.
Nb3 Qb6 9. Bxc6 Bxc6 10. dxc5 Bxc5 11. Nxc5 Qxc5 12. Qd2 O-O 13. Rfe1 Rfd8 14.
c3 f6 15. Rad1 e5 16. Bg3 Bb5 17. Qc2 e4 18. Nd4 Nxd4 19. exd4 Qc6 20. Qd2 Bd3
21. f3 Rac8 22. Qf4 Qb6 23. fxe4 dxe4 24. Qf2 Rd7 25. Rd2 Rdc7 26. Qe3 f5 27.
Be5 Rf8 28. g3 Qg6 29. Rf2 Qe6 30. b3 b5 1/2-1/2

[Event "DEM U12/U12w 2000"]
[Site "Überlingen GER"]
[Date "2000.06.07"]
[Round "7"]
[White "Andok, Claus Michael"]
[Black "Cara, Bogdan"]
[Result "1/2-1/2"]
[Termination "normal"]
[Board "15"]
[WhiteElo "1217"]
[BlackElo "1376"]
[PlyCount "121"]
[WhiteFideId "24602000"]
[EventCountry "GER"]
[EventRounds "11"]
[EventType "swiss"]
[EventDate "2000.06.03"]

1. e4 d6 2. d4 Nf6 3. Nc3 g6 4. Nf3 Bg7 5. Bc4 O-O 6. O-O c6 7. Bd3 Nbd7 8. Bf4
Nh5 9. Be3 b5 10. Qd2 Re8 11. Bh6 Bh8 12. Be2 e5 13. dxe5 dxe5 14. Rad1 Qc7 15.
Ne1 Ndf6 16. Nd3 Ng7 17. f4 exf4 18. Bxf4 Qa5 19. Bf3 Bg4 20. Bxg4 Nxg4 21. h3
Nf6 22. Rde1 Ne6 23. Be5 Qb6+ 24. Kh1 Nh5 25. Re3 f6 26. Bh2 Bg7 27. g4 Bh6 28.
Qe2 Qxe3 29. Qxe3 Bxe3 30. gxh5 gxh5 31. Rxf6 Bd4 32. Rf3 Bxc3 33. bxc3 h6 34.
Rg3+ Kh7 35. h4 Rg8 36. Re3 Raf8 37. Re1 Rg4 38. Ne5 Rg7 39. Nxc6 Rc8 40. Nd4
Nc7 41. Bxc7 Rcxc7 42. Ne6 Rxc3 43. Nxg7 Kxg7 44. Re2 Rh3+ 45. Rh2 Re3 46. Rd2
Rxe4 47. Rd7+ Kf6 48. Rxa7 Rxh4+ 49. Kg2 Ra4 50. Rb7 Rxa2 51. Rxb5 Rxc2+ 52.
Kh3 Rc3+ 53. Kh4 Rc4+ 54. Kh3 Rc3+ 55. Kh4 Kg6 56. Rb6+ Kf5 57. Rb5+ Kf4 58.
Rb4+ Ke5 59. Rb5+ Kd4 60. Kxh5 Rh3+ 61. Kg6 1/2-1/2

[Event "DEM U12/U12w 2000"]
[Site "Überlingen GER"]
[Date "2000.06.07"]
[Round "7"]
[White "von der Ahe, Florian"]
[Black "Kulakov, Yurij"]
[Result "1-0"]
[Termination "normal"]
[Board "16"]
[WhiteElo "1132"]
[BlackElo "1338"]
[PlyCount "91"]
[WhiteFideId "12970506"]
[EventCountry "GER"]
[EventRounds "11"]
[EventType "swiss"]
[EventDate "2000.06.03"]

1. Nf3 d5 2. g3 c5 3. Bg2 Nc6 4. O-O e6 5. d3 Bd6 6. Nbd2 Nge7 7. e4 O-O 8. Re1
b5 9. c3 Bb7 10. Nb3 Qb6 11. e5 Bb8 12. Be3 Qc7 13. Bxc5 Rd8 14. d4 Ng6 15. Bf1
a6 16. Qc2 Nce7 17. a4 Nf5 18. axb5 axb5 19. Rxa8 Bxa8 20. Bxb5 Ba7 21. Bxa7
Qxa7 22. Bd3 Nfe7 23. Ra1 Qc7 24. Nh4 Bc6 25. Nc5 Kh8 26. Nxg6+ fxg6 27. Nxe6
Qd7 28. Nxd8 Qxd8 29. Ra7 Ng8 30. c4 Bd7 31. cxd5 Bh3 32. Qc7 Qf8 33. Qf7 Qxf7
34. Rxf7 Bg4 35. e6 h5 36. Bxg6 Nf6 37. Rf8+ Ng8 38. e7 Bd7 39. e8=Q Bxe8 40.
Bxe8 h4 41. d6 hxg3 42. d7 gxh2+ 43. Kxh2 Kh7 44. d8=Q Ne7 45. Qxe7 Kh6 46.
Rh8# 1-0

[Event "DEM U12/U12w 2000"]
[Site "Überlingen GER"]
[Date "2000.06.07"]
[Round "7"]
[White "Reiske, Anne"]
[Black "Lubbe, Alexander"]
[Result "1-0"]
[Termination "normal"]
[Board "17"]
[WhiteElo "1337"]
[BlackElo "1072"]
[PlyCount "69"]
[WhiteFideId "24635472"]
[EventCountry "GER"]
[EventRounds "11"]
[EventType "swiss"]
[EventDate "2000.06.03"]

1. d4 Nf6 2. c4 c5 3. d5 g6 4. Nf3 Bg7 5. g3 O-O 6. Bg2 d6 7. O-O e6 8. Nc3
exd5 9. cxd5 Na6 10. Bg5 h6 11. Bxf6 Bxf6 12. Qd2 Kh7 13. e4 Re8 14. Rfe1 Bg4
15. Qf4 Bxf3 16. Qxf3 Re7 17. Qxf6 Nb4 18. Re2 Nd3 19. Qf3 Ne5 20. Qe3 Qd7 21.
f4 Nc4 22. Qd3 b5 23. b3 Nb6 24. Qxb5 Qxb5 25. Nxb5 Rd8 26. Rd1 f5 27. e5 dxe5
28. Rxe5 Red7 29. d6 Nc8 30. Re6 a6 31. Nc3 Nxd6 32. Bc6 Ne4 33. Rxd7+ Rxd7 34.
Bxd7 Nxc3 35. Rxa6 1-0

[Event "DEM U12/U12w 2000"]
[Site "Überlingen GER"]
[Date "2000.06.07"]
[Round "7"]
[White "Hofmann, Annett"]
[Black "Berner, Stephan"]
[Result "1-0"]
[Termination "normal"]
[Board "18"]
[WhiteElo "1326"]
[BlackElo "1076"]
[PlyCount "51"]
[WhiteFideId "24603759"]
[BlackFideId "24613126"]
[EventCountry "GER"]
[EventRounds "11"]
[EventType "swiss"]
[EventDate "2000.06.03"]

1. e4 c6 2. d4 d5 3. e5 Bf5 4. Bd3 Bxd3 5. Qxd3 e6 6. Be3 Nd7 7. Nf3 a6 8. c3
c5 9. Nbd2 c4 10. Qc2 b5 11. O-O h6 12. h3 Ne7 13. Nh2 Nf5 14. Rae1 Be7 15. f4
Qb6 16. Bf2 Bf8 17. Ndf3 a5 18. Nh4 Nxh4 19. Bxh4 Be7 20. Bxe7 Kxe7 21. f5 Rac8
22. Qf2 Qd8 23. Qh4+ Ke8 24. Qh5 Rg8 25. fxe6 g6 26. exf7+ 1-0

[Event "DEM U12/U12w 2000"]
[Site "Überlingen GER"]
[Date "2000.06.07"]
[Round "7"]
[White "Ritscher, Martin"]
[Black "Grimberg, Boris"]
[Result "1/2-1/2"]
[Termination "normal"]
[Board "19"]
[WhiteElo "1098"]
[BlackElo "1278"]
[PlyCount "57"]
[BlackFideId "4697499"]
[EventCountry "GER"]
[EventRounds "11"]
[EventType "swiss"]
[EventDate "2000.06.03"]

1. e4 c5 2. c3 Nf6 3. e5 Nd5 4. d4 cxd4 5. cxd4 Nc6 6. Bc4 Nb6 7. Bb3 e6 8. Nf3
d5 9. O-O Be7 10. Nc3 O-O 11. Be3 Bd7 12. Rc1 Rc8 13. Bc2 Na5 14. Qd3 g6 15.
Bh6 Re8 16. Bb3 Nxb3 17. axb3 a6 18. Ra1 Bb4 19. Rfc1 f5 20. exf6 Qxf6 21. Ne5
Bd6 22. Qe3 Bxe5 23. dxe5 Qh4 24. Qxb6 Qxh6 25. Qxb7 Bb5 26. Qb6 Rc6 27. Qd4
Rf8 28. Re1 Qf4 29. Rad1 1/2-1/2

[Event "DEM U12/U12w 2000"]
[Site "Überlingen GER"]
[Date "2000.06.07"]
[Round "7"]
[White "Schiwarth, Nino"]
[Black "Biller, Eugen"]
[Result "1/2-1/2"]
[Termination "normal"]
[Board "20"]
[WhiteElo "1096"]
[BlackElo "1273"]
[PlyCount "34"]
[EventCountry "GER"]
[EventRounds "11"]
[EventType "swiss"]
[EventDate "2000.06.03"]

1. e4 d5 2. exd5 Qxd5 3. Nc3 Qa5 4. d4 c6 5. Bc4 Qc7 6. Nge2 Bf5 7. Bf4 Qd8 8.
O-O e6 9. Re1 Be7 10. Ng3 Bg6 11. Be5 Nf6 12. f4 O-O 13. Bb3 Nbd7 14. Qf3 Nd5
15. Nxd5 cxd5 16. f5 Nxe5 17. dxe5 Qb6+ 1/2-1/2

[Event "DEM U12/U12w 2000"]
[Site "Überlingen GER"]
[Date "2000.06.07"]
[Round "7"]
[White "Henneberg, Olga"]
[Black "Schneider, Christian"]
[Result "1-0"]
[Termination "normal"]
[Board "21"]
[WhiteElo "1273"]
[BlackElo "1028"]
[PlyCount "69"]
[BlackFideId "24613886"]
[EventCountry "GER"]
[EventRounds "11"]
[EventType "swiss"]
[EventDate "2000.06.03"]

1. c4 c5 2. Nc3 Nc6 3. Nf3 Nf6 4. g3 e6 5. Bg2 Be7 6. O-O O-O 7. d4 cxd4 8.
Nxd4 a6 9. a3 Na5 10. Qd3 Qc7 11. b3 Nc6 12. b4 d6 13. Nxc6 bxc6 14. Rb1 Bd7
15. a4 Rfc8 16. b5 axb5 17. axb5 Rab8 18. Bd2 cxb5 19. cxb5 d5 20. Rfc1 Qd8 21.
Bf4 Rb7 22. e4 dxe4 23. Nxe4 Rxc1+ 24. Bxc1 Rb8 25. Bf4 Rc8 26. b6 Nd5 27. b7
Rb8 28. Bxb8 Qxb8 29. Qa6 Nc7 30. Qa5 h6 31. Nc5 Be8 32. Na6 Nxa6 33. Qxa6 Bd6
34. Rc1 Bd7 35. Rc8+ 1-0

[Event "DEM U12/U12w 2000"]
[Site "Überlingen GER"]
[Date "2000.06.07"]
[Round "7"]
[White "Zelba, Maurizio"]
[Black "Opaska, Ines"]
[Result "1-0"]
[Termination "normal"]
[Board "22"]
[WhiteElo "1728"]
[BlackElo "990"]
[PlyCount "61"]
[WhiteFideId "4677390"]
[EventCountry "GER"]
[EventRounds "11"]
[EventType "swiss"]
[EventDate "2000.06.03"]

1. d4 Nf6 2. c4 e6 3. Nc3 Bb4 4. Qc2 b6 5. Bg5 h6 6. Bh4 Bb7 7. a3 Bxc3+ 8.
Qxc3 d6 9. Nf3 Nbd7 10. Nd2 c5 11. dxc5 bxc5 12. Qc2 Qc7 13. e3 Qc6 14. Bg3 O-O
15. Nf3 Ne4 16. Bd3 Nxg3 17. hxg3 e5 18. Bf5 Nf6 19. g4 e4 20. Nd2 g6 21. Rxh6
Kg7 22. g5 d5 23. O-O-O Rae8 24. Rdh1 gxf5 25. gxf6+ Qxf6 26. Rxf6 Kxf6 27.
Qc3+ Kg6 28. Rh3 f6 29. Qa5 a6 30. Qc7 Rf7 31. Rg3+ 1-0

[Event "DEM U12/U12w 2000"]
[Site "Überlingen GER"]
[Date "2000.06.07"]
[Round "7"]
[White "Elstner, Eik"]
[Black "Rathke, Jens"]
[Result "0-1"]
[Termination "normal"]
[Board "23"]
[WhiteElo "1027"]
[BlackElo "1257"]
[PlyCount "119"]
[WhiteFideId "24605581"]
[EventCountry "GER"]
[EventRounds "11"]
[EventType "swiss"]
[EventDate "2000.06.03"]

1. e4 e6 2. d3 c5 3. Nc3 d6 4. Nf3 Nf6 5. Be3 g6 6. Qd2 Bg7 7. Bh6 O-O 8. h3
Nc6 9. g4 a6 10. g5 Nd7 11. h4 Re8 12. h5 Bh8 13. Qf4 Nde5 14. Nxe5 Bxe5 15.
Qd2 b5 16. f4 Bh8 17. Bh3 Nd4 18. O-O-O b4 19. Ne2 Nxe2+ 20. Qxe2 a5 21. Qf3 a4
22. b3 axb3 23. axb3 Ra1+ 24. Kd2 Bc3+ 25. Ke2 Ra2 26. Rc1 Qa5 27. Rhf1 d5 28.
Rf2 Ra1 29. Rff1 Rxc1 30. Rxc1 Qa3 31. Qf1 dxe4 32. Kf2 exd3 33. cxd3 Qb2+ 34.
Kg3 Qxb3 35. Rb1 Qd5 36. Bg2 Qd4 37. hxg6 hxg6 38. Qf3 Bb7 39. Qe2 Bxg2 40.
Kxg2 Qxf4 41. Kh3 Qf5+ 42. Kg2 Qd5+ 43. Kh3 Rd8 44. Rd1 c4 45. d4 e5 46. Qf2
Qe6+ 47. Kh2 Rxd4 48. Qf3 Rh4+ 49. Kg2 Qg4+ 50. Qxg4 Rxg4+ 51. Kf3 Rd4 52. Rf1
Rf4+ 53. Ke2 Rxf1 54. Kxf1 b3 55. Bg7 b2 56. Ke2 b1=Q 57. Bxe5 Bxe5 58. Kf2 Qe4
59. Kf1 Qc2 60. Kg1 0-1

[Event "DEM U12/U12w 2000"]
[Site "Überlingen GER"]
[Date "2000.06.07"]
[Round "7"]
[White "Varbelow, Richard"]
[Black "Bayer, Marius"]
[Result "1/2-1/2"]
[Termination "normal"]
[Board "24"]
[WhiteElo "968"]
[BlackElo "1234"]
[PlyCount "56"]
[EventCountry "GER"]
[EventRounds "11"]
[EventType "swiss"]
[EventDate "2000.06.03"]

1. e4 c5 2. Nf3 Nc6 3. d4 cxd4 4. Nxd4 Nf6 5. Nc3 e5 6. Nf3 d6 7. g3 Bg4 8. Bg2
Be7 9. Bg5 h6 10. Be3 O-O 11. O-O Qd7 12. Re1 Bh3 13. Bh1 Ng4 14. Bd2 f5 15.
Nd5 f4 16. Nxe7+ Nxe7 17. Qe2 fxg3 18. hxg3 Kh8 19. Red1 Nc6 20. c3 Rf6 21. Be1
Raf8 22. Rd3 Ne7 23. Rad1 Nc8 24. b3 Qc6 25. c4 Qb6 26. Rd5 a6 27. Ba5 Qc6 28.
Bb4 Qb6 1/2-1/2

[Event "DEM U12/U12w 2000"]
[Site "Überlingen GER"]
[Date "2000.06.07"]
[Round "7"]
[White "Brehmer, Johann Hinrich"]
[Black "Scholtes, Benedikt"]
[Result "0-1"]
[Termination "normal"]
[Board "25"]
[WhiteElo "941"]
[BlackElo "1223"]
[PlyCount "116"]
[BlackFideId "24675423"]
[EventCountry "GER"]
[EventRounds "11"]
[EventType "swiss"]
[EventDate "2000.06.03"]

1. d4 d5 2. c4 c6 3. e3 Nf6 4. Nc3 g6 5. Nf3 Bg7 6. cxd5 cxd5 7. Bb5+ Bd7 8.
Bxd7+ Nbxd7 9. O-O O-O 10. Re1 e6 11. Bd2 Re8 12. Rc1 a6 13. Rc2 Rc8 14. Qc1
Ne4 15. Ne2 Ndf6 16. Ba5 Rxc2 17. Bxd8 Rxc1 18. Rxc1 Rxd8 19. Rc7 Nd6 20. b3
Rc8 21. Rxc8+ Nxc8 22. Nc3 Ne4 23. Nxe4 dxe4 24. Nd2 f5 25. Nc4 b5 26. Nd2 e5
27. dxe5 Bxe5 28. a4 Nb6 29. axb5 axb5 30. h3 Bc3 31. Nb1 b4 32. Kf1 Nd7 33.
Nxc3 bxc3 34. Ke2 Nc5 35. Kd1 Nxb3 36. Kc2 Nc5 37. Kxc3 Ne6 38. g3 Kg7 39. Kc4
h5 40. Kd5 Kf6 41. h4 Ng7 42. Kd6 g5 43. Kd5 Ne6 44. Kc4 gxh4 45. gxh4 f4 46.
Kc3 Kf5 47. Kd2 fxe3+ 48. fxe3 Kg4 49. Ke2 Kxh4 50. Kf2 Nc7 51. Ke1 Kg3 52. Kf1
Nd5 53. Kg1 Nxe3 54. Kh1 Nf5 55. Kg1 e3 56. Kf1 h4 57. Kg1 e2 58. Kh1 e1=Q# 0-1

[Event "DEM U12/U12w 2000"]
[Site "Überlingen GER"]
[Date "2000.06.07"]
[Round "7"]
[White "Backes, Marco"]
[Black "Becker, Nils"]
[Result "0-1"]
[Termination "normal"]
[Board "26"]
[WhiteElo "842"]
[BlackElo "1178"]
[PlyCount "76"]
[BlackFideId "4695216"]
[EventCountry "GER"]
[EventRounds "11"]
[EventType "swiss"]
[EventDate "2000.06.03"]

1. e4 c5 2. f4 Nc6 3. Nf3 g6 4. Bc4 Bg7 5. Nc3 d6 6. d3 e6 7. Be3 Nd4 8. Bxd4
cxd4 9. Ne2 Qb6 10. Rb1 Ne7 11. Qd2 O-O 12. c3 dxc3 13. Nxc3 Bd7 14. Qf2 Bxc3+
15. Ke2 Qxf2+ 16. Kxf2 Bg7 17. g4 Kh8 18. h4 h6 19. h5 d5 20. Bb3 Kg8 21. g5
Bc6 22. Ne5 Bxe5 23. fxe5 hxg5 24. Rbg1 gxh5 25. exd5 Bxd5 26. Bxd5 exd5 27.
Rxg5+ Ng6 28. Rgxh5 Rfe8 29. Rg1 Kg7 30. d4 Rac8 31. Rh2 Rc2+ 32. Kg3 Rxh2 33.
Kxh2 Rc8 34. Kh3 Rc4 35. Rg4 Rc2 36. Rg2 Rxg2 37. Kxg2 Nf4+ 38. Kf3 Nd3 0-1